Statistics for Largest Trade Partners of India 2021-22

Click here to take the quiz!

General Stats

  • This quiz has been taken 12 times
  • The average score is 7 of 10

Answer Stats

Total TradeAnswer% Correct
$115.41BCHINA
100%
$119.4 BUNITED STATES
100%
$25.04AUSTRALIA
80%
$26.17BINDONESIA
70%
$42.85BSAUDI ARABIA
70%
$30.10BSINGAPORE
70%
$25.54BSOUTH KOREA
70%
$72.8BUNITED ARAB EMIRATES
60%
$34.33BIRAQ
50%
$30.08BHONG KONG
0%

Score Distribution

Percentile by Number Answered

Percent of People with Each Score

Your Score History

You have not taken this quiz